Evolution of Markets and Institutions: a study of an emerging economy (Record no. 5355)

MARC details
000 -LEADER
fixed length control field 00575nam a22002057a 4500
003 - CONTROL NUMBER IDENTIFIER
control field OSt
005 - DATE AND TIME OF LATEST TRANSACTION
control field 20191105170344.0
008 - FIXED-LENGTH DATA ELEMENTS--GENERAL INFORMATION
fixed length control field 161014b xxu||||| |||| 00| 0 eng d
020 ## - INTERNATIONAL STANDARD BOOK NUMBER
International Standard Book Number 9780415494038
040 ## - CATALOGING SOURCE
Transcribing agency DDC
082 ## - DEWEY DECIMAL CLASSIFICATION NUMBER
Classification number 381 PAT 2006
100 ## - MAIN ENTRY--PERSONAL NAME
Personal name Patibandla, Murali
9 (RLIN) 11202
245 ## - TITLE STATEMENT
Title Evolution of Markets and Institutions: a study of an emerging economy
260 ## - PUBLICATION, DISTRIBUTION, ETC. (IMPRINT)
Place of publication, distribution, etc. London; Routledge, 2006
300 ## - PHYSICAL DESCRIPTION
Extent xv,345p; ill: 24cm
504 ## - BIBLIOGRAPHY, ETC. NOTE
Bibliography, etc Notes, references, & index included
650 ## - SUBJECT ADDED ENTRY--TOPICAL TERM
Topical term or geographic name as entry element Markets
9 (RLIN) 11203
650 ## - SUBJECT ADDED ENTRY--TOPICAL TERM
Topical term or geographic name as entry element Economies
9 (RLIN) 11204
942 ## - ADDED ENTRY ELEMENTS (KOHA)
Source of classification or shelving scheme Other/Generic Classification Scheme
Koha item type Book Bank
Holdings
Withdrawn status Lost status Source of classification or shelving scheme Damaged status Not for loan Home library Current library Date acquired Source of acquisition Inventory number Total Checkouts Full call number Barcode Date last seen Koha item type
    Dewey Decimal Classification     Faculty of Management Science Library Faculty of Management Science Library 20/04/2018 Purchase 17/40537   381 PAT 2006 2018-0244 20/04/2018 Book
    Dewey Decimal Classification     Faculty of Management Science Library Faculty of Management Science Library 20/04/2018 Purchase 17/40538   381 PAT 2006 2018-0245 20/04/2018 Book
    Dewey Decimal Classification     MUST Main Library MUST Main Library 14/10/2016 Purchase 16/40032   381 PAT 2006 2016-4790 14/10/2016 Open Shelf
    Dewey Decimal Classification     MUST Main Library MUST Main Library 14/10/2016 Purchase 16/40033   381 PAT 2006 2016-4791 14/10/2016 Open Shelf
    Dewey Decimal Classification     MUST Main Library MUST Main Library 14/10/2016 Purchase 16/40034   381 PAT 2006 2016-4792 14/10/2016 Open Shelf
    Dewey Decimal Classification     MUST Main Library MUST Main Library 14/10/2016 Purchase 16/40035   381 PAT 2006 2016-4793 14/10/2016 Open Shelf
    Dewey Decimal Classification     MUST Main Library MUST Main Library 14/10/2016   16/40036   381 PAT 2006 2016-4794 14/10/2016 Book Bank
    Dewey Decimal Classification     MUST Main Library MUST Main Library 18/01/2018 Purchase 15/39446   381 PAT 2006 2018-0036 18/01/2018 Open Shelf